[Event "FRA-ch op-C"]
[Site "Nimes"]
[Date "2009.08.15"]
[Round "5"]
[White "Cepisul, Desire"]
[Black "Lancelot, Renaud"]
[Result "1-0"]
[WhiteElo "1755"]
[BlackElo "1710"]
[PlyCount "65"]
[EventDate "2009.08.11"]
[EventType "swiss"]
[EventRounds "11"]
[EventCountry "FRA"]
[SourceTitle "EXT 2011"]
[Source "ChessBase"]
[SourceDate "2010.11.26"]
[SourceVersion "1"]
[SourceVersionDate "2010.11.26"]
[SourceQuality "1"]

1. d4 d5 2. c4 c6 3. Nc3 Nf6 4. Bg5 dxc4 5. e3 e6 6. Bxc4 Bb4 7. Nge2 Nbd7 8. a3 Be7 9. Rc1 0-0 10. 0-0 b5 11. Ba2 Bb7 12. Qd3 a6 13. Rfd1 Nd5 14. Bb1 f5 15. Bxe7 Qxe7 16. e4 fxe4 17. Nxe4 N5f6 18. Nc5 Nxc5 19. Rxc5 Rad8 20. b4 a5 21. Nf4 axb4 22. axb4 Ra8 23. Re1 Qf7 24. Nxe6 Rfe8 25. Rce5 Bc8 26. Ng5 Rxe5 27. dxe5 Qe7 28. Kf1 g6 29. exf6 Qxf6 30. Re8+ Kg7 31. Qe3 Ra1 32. Re7+ Kf8 33. Nxh7+ 1-0